Top 5 American BBQ styles - Statistics

General Stats
  • This quiz has been taken 67 times
  • The average score is 3 of 5
Answer Stats
Hint Answer % Correct
Known for low and slow Texas
98%
The birthplace of burnt ends Kansas City
67%
Vinegar/pepper based sauce North Carolina
67%
Known for mustard based sauce South Carolina
60%
Known mostly for BBQ pork Memphis
58%
No matching quizzes found
Score Distribution
Percent of People with Each Score
Percentile by Number Answered
Your Score History
You have not taken this quiz